000 00397pab a2200157 454500
008 180718b xxu||||| |||| 00| 0 eng d
100 _aRaghuram, G
245 _aAre passengers on Indian Railways paying their way?
650 _a Rangaraj, N.
650 _a Kamath, M.V.
650 _aRailways
700 _aRangaraj, N.
700 _aKamath, M.Y
773 _aFinancial Express
909 _a23519
999 _c23519
_d23519